<?xml version='1.0' encoding='UTF-8'?>
  <record xmlns="http://www.loc.gov/MARC21/slim">
    <leader>00000cam a2200000 i 4500</leader>
    <controlfield tag="001">ocm02587111</controlfield>
    <controlfield tag="003">OCoLC</controlfield>
    <controlfield tag="005">20240210061653.1</controlfield>
    <controlfield tag="008">761201s1877    enkcf         001 0 eng d</controlfield>
    <datafield tag="010" ind1=" " ind2=" ">
      <subfield code="a">gs 10000489 </subfield>
    </datafield>
    <datafield tag="040" ind1=" " ind2=" ">
      <subfield code="a">YSM</subfield>
      <subfield code="b">eng</subfield>
      <subfield code="c">YSM</subfield>
      <subfield code="d">YSM</subfield>
      <subfield code="d">OCLCQ</subfield>
      <subfield code="d">OCLCG</subfield>
      <subfield code="d">AU@</subfield>
      <subfield code="d">ZWZ</subfield>
      <subfield code="d">OCLCQ</subfield>
      <subfield code="d">OCLCF</subfield>
      <subfield code="d">OCLCQ</subfield>
      <subfield code="d">OCLCO</subfield>
      <subfield code="d">CUY</subfield>
      <subfield code="d">OCLCQ</subfield>
      <subfield code="d">DHA</subfield>
      <subfield code="d">OCLCO</subfield>
      <subfield code="d">OCLCQ</subfield>
      <subfield code="d">UKMGB</subfield>
      <subfield code="d">ATNMU</subfield>
      <subfield code="d">UKRIN</subfield>
      <subfield code="d">OCLCL</subfield>
    </datafield>
    <datafield tag="016" ind1="7" ind2=" ">
      <subfield code="a">012812825</subfield>
      <subfield code="2">Uk</subfield>
    </datafield>
    <datafield tag="019" ind1=" " ind2=" ">
      <subfield code="a">1181082103</subfield>
      <subfield code="a">1351834588</subfield>
    </datafield>
    <datafield tag="029" ind1="1" ind2=" ">
      <subfield code="a">AU@</subfield>
      <subfield code="b">000012603438</subfield>
    </datafield>
    <datafield tag="029" ind1="1" ind2=" ">
      <subfield code="a">ZWZ</subfield>
      <subfield code="b">01762634X</subfield>
    </datafield>
    <datafield tag="029" ind1="1" ind2=" ">
      <subfield code="a">UKMGB</subfield>
      <subfield code="b">012812825</subfield>
    </datafield>
    <datafield tag="035" ind1=" " ind2=" ">
      <subfield code="a">(OCoLC)2587111</subfield>
      <subfield code="z">(OCoLC)1181082103</subfield>
      <subfield code="z">(OCoLC)1351834588</subfield>
    </datafield>
    <datafield tag="043" ind1=" " ind2=" ">
      <subfield code="a">e-uk---</subfield>
    </datafield>
    <datafield tag="050" ind1="1" ind2="4">
      <subfield code="a">QE907</subfield>
      <subfield code="b">.L54</subfield>
    </datafield>
    <datafield tag="080" ind1=" " ind2=" ">
      <subfield code="a">411-A</subfield>
    </datafield>
    <datafield tag="082" ind1="1" ind2="4">
      <subfield code="a">561.1942 L746L</subfield>
    </datafield>
    <datafield tag="084" ind1=" " ind2=" ">
      <subfield code="a">561</subfield>
      <subfield code="2">z</subfield>
    </datafield>
    <datafield tag="100" ind1="1" ind2=" ">
      <subfield code="a">Lindley, John,</subfield>
      <subfield code="d">1799-1865.</subfield>
      <subfield code="1">https://id.oclc.org/worldcat/entity/E39PBJtcDVYRHHVr4gq6JmP84q</subfield>
    </datafield>
    <datafield tag="245" ind1="1" ind2="0">
      <subfield code="a">Illustrations of fossil plants :</subfield>
      <subfield code="b">being an autotype reproduction of selected drawings /</subfield>
      <subfield code="c">prepared under the supervision of the late Dr. Lindley and Mr. W. Hutton, between the years 1835 and 1840, and now for the first time published by the North of England Institute of Mining and Mechanical Engineers ; edited by G.A. Lebour.</subfield>
    </datafield>
    <datafield tag="260" ind1=" " ind2=" ">
      <subfield code="a">London :</subfield>
      <subfield code="b">Longmans,</subfield>
      <subfield code="c">1877.</subfield>
    </datafield>
    <datafield tag="300" ind1=" " ind2=" ">
      <subfield code="a">vi, 139 pages :</subfield>
      <subfield code="b">frontispiece (portrait) 64 plates ;</subfield>
      <subfield code="c">26 cm</subfield>
    </datafield>
    <datafield tag="336" ind1=" " ind2=" ">
      <subfield code="a">text</subfield>
      <subfield code="b">txt</subfield>
      <subfield code="2">rdacontent</subfield>
    </datafield>
    <datafield tag="337" ind1=" " ind2=" ">
      <subfield code="a">unmediated</subfield>
      <subfield code="b">n</subfield>
      <subfield code="2">rdamedia</subfield>
    </datafield>
    <datafield tag="338" ind1=" " ind2=" ">
      <subfield code="a">volume</subfield>
      <subfield code="b">nc</subfield>
      <subfield code="2">rdacarrier</subfield>
    </datafield>
    <datafield tag="500" ind1=" " ind2=" ">
      <subfield code="a">Includes index.</subfield>
    </datafield>
    <datafield tag="650" ind1=" " ind2="0">
      <subfield code="a">Paleobotany.</subfield>
    </datafield>
    <datafield tag="650" ind1=" " ind2="6">
      <subfield code="a">Paléobotanique.</subfield>
    </datafield>
    <datafield tag="650" ind1=" " ind2="7">
      <subfield code="a">Paleobotany.</subfield>
      <subfield code="2">fast</subfield>
      <subfield code="0">(OCoLC)fst01051324</subfield>
    </datafield>
    <datafield tag="700" ind1="1" ind2=" ">
      <subfield code="a">Hutton, William,</subfield>
      <subfield code="d">1798-1860,</subfield>
      <subfield code="e">author.</subfield>
    </datafield>
    <datafield tag="700" ind1="1" ind2=" ">
      <subfield code="a">Lebour, George Alexander Louis,</subfield>
      <subfield code="e">editor.</subfield>
    </datafield>
    <datafield tag="710" ind1="2" ind2=" ">
      <subfield code="a">North of England Institute of Mining and Mechanical Engineers, Newcastle-upon-Tyne.</subfield>
    </datafield>
    <datafield tag="758" ind1=" " ind2=" ">
      <subfield code="i">has work:</subfield>
      <subfield code="a">Illustrations of fossil plants (Text)</subfield>
      <subfield code="1">https://id.oclc.org/worldcat/entity/E39PCFFHRchTtDvW99K99XGktC</subfield>
      <subfield code="4">https://id.oclc.org/worldcat/ontology/hasWork</subfield>
    </datafield>
    <datafield tag="776" ind1="0" ind2="8">
      <subfield code="i">Online version:</subfield>
      <subfield code="a">Lindley, John, 1799-1865.</subfield>
      <subfield code="t">Illustrations of fossil plants.</subfield>
      <subfield code="d">London, Longmans, 1877</subfield>
      <subfield code="w">(OCoLC)903865617</subfield>
    </datafield>
    <datafield tag="773" ind1="0" ind2=" ">
      <subfield code="t">The fossil flora of Great Britain; or, Figures and descriptions of the vegetable remains found in a fossil state in this country</subfield>
      <subfield code="w">29109</subfield>
    </datafield>
    <datafield tag="856" ind1="4" ind2="1">
      <subfield code="u">https://www.biodiversitylibrary.org/bibliography/83610#/summary</subfield>
      <subfield code="z">CLICK HERE TO ACCESS ONLINE</subfield>
    </datafield>
  </record>